| 000 | 00986cam a22003011a 4500 | ||
|---|---|---|---|
| 001 | agr51000337 | ||
| 003 | DLC | ||
| 005 | 20260227111015.0 | ||
| 008 | 870529r1951uuuudcuab f000 0 eng c | ||
| 010 | _aagr51000337 | ||
| 035 | _a(OCoLC)15745949 | ||
| 040 |
_aU.S. Dept. of Agr. Libr. _cMi _dMi _dOCoLC _dDNAL _dDLC |
||
| 042 | _apremarc | ||
| 050 | 0 | 0 |
_aTX7 _b.U6 no. 7 |
| 070 | 0 |
_a1 _bAg84Hg no.7 |
|
| 072 | 0 | _aF110 | |
| 082 | _a635 | ||
| 100 | 1 |
_aBoswell, Victor R. _q(Victor Rickman), _d1900- |
|
| 245 | 1 | 0 |
_aGrowing vegetables in town and city / _cby Victor R. Boswell and Robert E. Wester. |
| 260 |
_aWashington, D.C. : _bU.S. Dept. of Agriculture, _c1951. |
||
| 300 |
_a39 p. : _bill., maps ; _c27 cm. |
||
| 440 | 0 |
_aHome and garden bulletin ; _vno. 7 |
|
| 500 | _aCaption title. | ||
| 500 | _aPreviously issued as Miscellaneous publication no. 538. | ||
| 650 | 0 | _aVegetable gardening. | |
| 650 | 0 | _aVegetables. | |
| 700 | 1 |
_aWester, Robert E. _q(Robert Emerson), _d1905- |
|
| 999 |
_c11343 _d11343 |
||